000
00330nam a22001457a 4500
003
OSt
005
20220218101600.0
008
220218b |||||||| |||| 00| 0 eng d
020
_a
0333792971
040
_c
HU
082
_a
658.87
100
_a
Varley
_9
30815
245
_a
Principles Of Retail Management
942
_2
ddc
_c
BOOKS
_n
0
999
_c
30770
_d
30770